000 00428nam a2200133Ia 4500
008 250506s9999 xx 000 0 und d
024 _a07B-BS-29, 07B-BS-10 & 07B-BS-21
082 _a005.1072 MUH
100 _aMuhammad Danish Farman, Aatif Shabbir & Muhammad Umer Saeed
245 0 _aDistributed Filing System
260 _aKarachi:
_bUIT,
_c2007
600 _aComputer Science
650 _aBachelor of Computer Science (BS)
999 _c27504
_d27504